000 00663nam a2200217Ii 4500
003 JO-AjNU
008 230606s9999||||xx |||||||||||||| ||und||
020 _a1-58488-435-5
040 _aJO-AjNU
_beng
_erda
_cJO-AjNU
041 _aeng
050 1 4 _aQA76.9.S88.H363.2004
100 3 _aMehta,Dineshp,
_eauthor
_9571
245 0 0 _aHand book Of Data Sructures and Application
264 3 1 _aChapman :London,2004
300 _a6412p
336 _atext
_btxt
_2rdacontent
337 _aunmediated
_bn
_2rdamedia
338 _avolume
_bnc
_2rdacarrier
490 0 _achaoman hall/crc computers and in formation science
650 4 _asestem drsign/data structures
_9572
999 _aE302
_c302
_d302